000 00358pab a2200157 454500
008 180718b1999 xxu||||| |||| 00| 0 eng d
100 _aJayanth, V.
245 _aEmpowering the people
260 _c1999
300 _ap.10
362 _a18 May
650 _aRural development - India
650 _aRural development
773 _aHindu
909 _a42217
999 _c42217
_d42217